000 00421nam a2200181Ia 4500
001 20300
005 20260306172756.0
008 260306t2016||||xx |||||||||||||| ||spa||
041 _aESP
082 _a343.1
_bS29
100 _aSchauer, Frederick
_eAUT
245 0 _aPositivismo constitucional
260 _c2016
300 _a92 páginas :
_c21 cm.
650 _aGEN
654 _aCDE
942 _cLIB
_dJUS
_fJUS
_2ddc
_n
999 _c20300
_d20300